Plan de gestión para la reducción del desperdicio de fruta en una finca piloto de Chiquita Brands
Uloženo v:
| Hlavní autor: | |
|---|---|
| Další autoři: | , |
| Médium: | Kniha |
| Vydáno: |
San José, Costa Rica
2003
|
| Témata: | |
| Tagy: |
Přidat tag
Žádné tagy, Buďte první, kdo vytvoří štítek k tomuto záznamu!
|
MARC
| LEADER | 00000nam a2200000Ia 4500 | ||
|---|---|---|---|
| 003 | 009128 | ||
| 005 | 20240205110048.0 | ||
| 008 | 140114s2003 cr a m 000 ||s d | ||
| 040 | |c cru CEDI | ||
| 090 | |a TFG 4671 | ||
| 100 | |a Abellán Bonilla, Mariel, 1979- |9 2305 | ||
| 245 | |a Plan de gestión para la reducción del desperdicio de fruta en una finca piloto de Chiquita Brands | ||
| 260 | |a San José, Costa Rica |c 2003 | ||
| 300 | |a 2 volúmenes : ilustraciones | ||
| 500 | |a Proyecto de graduación (licenciatura en ingeniería industrial)--Universidad de Costa Rica. Facultad de Ingeniería. Escuela de Ingeniería Industrial | ||
| 501 | |a Directora de Proyecto de Graduación: Ing. Elizabeth Coto Chinchilla | ||
| 610 | 0 | |a COMPAÑIA BANANERA ATLANTIDA LIMITADA (COSTA RICA).. FINCA GIGANTE |9 2307 | |
| 650 | |x BANANOS |x CULTIVO |x COSTA RICA |x MANIPULACION |x CONTROL DE CALIDAD |x PERDIDAS DURANTE LA COSECHA |x CONTROL DE PROCESOS |x SISTEMAS DE COMUNICACION |9 7083 | ||
| 700 | |a Shedden Jácamo, Johana, 1978- |9 2306 | ||
| 700 | |a Coto Chinchilla, Elizabeth, 1953- |d Directora del TFG |9 2266 | ||
| 942 | |c TFG |h TFG 4671 |i 009128 |6 TFG_4671_009128000000000 | ||
| 999 | |c 17810 |d 17810 | ||
